| 000 | 02280 a2200433 4500 | ||
|---|---|---|---|
| 001 | 21211 | ||
| 005 | 20260407155503.0 | ||
| 008 | 260407a2004 arg spa d | ||
| 003 | AR-UNSa-BCEJYS | ||
| 040 |
_aAR-UNSa-BCEJYS _bspa _cAR-UNSa-BCEJYS |
||
| 080 |
_a658.5 _xPlanificación y control de la producción |
||
| 245 | 1 | 0 | _aProducción y operaciones |
| 020 | _a950-537-622-7 | ||
| 264 | 1 |
_aBuenos Aires : _bEdiciones Macchi _c2004 |
|
| 300 |
_axlii, 753 p. _c26 cm. |
||
| 505 | _a1. La empresa como sistema, y el subsistema de operaciones - 2. Microeconomía - 3. Estrategia de operaciones - 4. Evaluación y gerencia de proyectos - 5. Selección y diseño del producto - 6. Selección y diseño del proceso: manufactura y servicios - 7. Gestión del conocimiento y la tecnología - 8. Tecnología de operaciones - 9. Gestión de calidad - 10. Control de calidad - 11. Planeación de la capacidad - 12. Macro y microubicación de las instalaciones - 13. Distribución de instalaciones - 14. Diseño y medición del trabajo - 15. Logística y la gestión de la cadena de suministros - 16. Gestión de inventarios - 17. Planificación agregada - 18. Planificación a corto plazo (MRP) - 19. Sistema justo a tiempo - 20. Control de gestión y diagnóstico de las operaciones - 21. Gestión del mantenimiento - 22. Higiene y seguridad en el trabajo | ||
| 942 | _cBK | ||
| 590 | _aniveau_biblio:m niveau_hierar:0 | ||
| 100 | 1 | _aAdler, Martín Oscar | |
| 700 | 1 | _aAdler, Erica Valeria | |
| 700 | 1 | _aCalabuig, Alicia | |
| 700 | 1 | _aCalderón Izaguirre, José Luis | |
| 700 | 1 | _aCarro, Roberto | |
| 700 | 1 | _aCasabene, Héctor Marcelo | |
| 700 | 1 | _aMarco, Dante Juan de | |
| 700 | 1 | _aEstrella Orrego, Marcelo Gustavo | |
| 700 | 1 | _aFucci, Tomás Antonio Rafael | |
| 700 | 1 | _aGimbatti, Aldo Omar | |
| 700 | 1 | _aKenis, Rafael Hugo | |
| 700 | 1 | _aLópez Aráoz, Carlos | |
| 700 | 1 | _aMartini, Marcos | |
| 700 | 1 | _aMonterroso, Elda | |
| 700 | 1 | _aOgando, José Luis | |
| 700 | 1 | _aPérez Cortés, Angel Alberto | |
| 700 | 1 | _aQuiroga, Cecilia Virginia | |
| 700 | 1 | _aSpotorno, María Mónica | |
| 700 | 1 | _aYasem de Estofán, Irma Noemí | |
| 856 | 4 | 1 |
_uhttps://biblioeco.unsa.edu.ar/pmb/images/libros/Producci?n & Operaciones 3.jpg _yImagen de portada _qimage/jpeg |
| 999 |
_c786 _d786 |
||